00459nam a2200109Ia 4500008004100000050002300041100003000064245013400094260008600228300002000314521001500334140724s9999 xx 000 0 und d aBF 698b.R233 2013 aRaterta, Marianne Jane J. aPhilippine Korean Pop Music Fans and the implications of fandom involvement :ba case study approach /cMarianne Jane J. Raterta. aLas Piñas, Philippines :bSouthville International School and Colleges,cc2013. a71 p. :c28 cm. aPsychology